40:福岡県の郵便局 - Statistics

General Stats
  • This quiz has been taken 37 times
  • The average score is 34 of 800
Answer Stats
局名 郵便番号 % Correct
博多 〒812-0012
71%
門司 〒800-8799
57%
八幡 〒805-8799
43%
福岡中央 〒810-8799
43%
直方 〒822-8799
38%
久留米 〒830-8799
38%
柳川 〒832-8799
38%
戸畑 〒804-8799
33%
若松 〒808-8799
33%
城南 〒814-0199
33%
太宰府 〒818-0125
33%
飯塚 〒820-8799
33%
行橋 〒824-8799
33%
大牟田 〒836-8799
33%
小倉駅前 〒802-0002
29%
北九州中央 〒802-8799
29%
古賀 〒811-3199
29%
博多北 〒812-8799
29%
福岡東 〒813-8799
29%
早良 〒814-8799
29%
福岡南 〒815-8799
29%
門司港 〒801-0852
24%
筑紫 〒811-1399
24%
福間 〒811-3299
24%
宗像 〒811-4199
24%
吉塚 〒812-0041
24%
博多南 〒816-8799
24%
福岡西 〒819-8799
24%
大川 〒831-8799
24%
小郡 〒838-0199
24%
苅田 〒800-0399
19%
小倉西 〒803-8799
19%
新宮 〒811-0112
19%
粕屋南 〒811-2299
19%
長者原 〒811-2317
19%
津屋崎 〒811-3399
19%
岡垣 〒811-4236
19%
新福岡 〒811-8799
19%
福岡県庁内 〒812-0045
19%
箱崎 〒812-0053
19%
筑紫野 〒818-8799
19%
姪浜 〒819-0002
19%
前原 〒819-1199
19%
志摩 〒819-1312
19%
豊前 〒828-8799
19%
筑後 〒833-8799
19%
八女 〒834-8799
19%
瀬高 〒835-8799
19%
甘木 〒838-8799
19%
田主丸 〒839-1299
19%
うきは 〒839-1499
19%
曽根 〒800-0299
14%
芦屋 〒807-0101
14%
鞍手 〒807-1312
14%
中間 〒809-0034
14%
福岡新天町 〒810-0001
14%
福岡天神 〒810-0001
14%
福岡渡辺通 〒810-0004
14%
福岡平和台 〒810-0042
14%
福岡大手門 〒810-0074
14%
和白 〒811-0299
14%
久山 〒811-2501
14%
神湊 〒811-3599
14%
大島 〒811-3701
14%
遠賀川 〒811-4399
14%
板付 〒812-0888
14%
福岡諸岡 〒812-0894
14%
竹下 〒812-0895
14%
福岡千早 〒813-0044
14%
波多江 〒819-1107
14%
加布里 〒819-1124
14%
野北 〒819-1303
14%
桜井 〒819-1304
14%
桂川 〒820-0606
14%
小竹 〒820-1103
14%
若宮 〒822-0101
14%
後藤寺 〒826-8799
14%
朝倉 〒838-1399
14%
吉井 〒839-1321
14%
小倉貫 〒800-0236
10%
湯川 〒800-0257
10%
旧門司 〒801-0854
10%
小倉北方 〒802-0841
10%
北九州市役所内 〒803-0813
10%
戸畑飛幡ビル内 〒804-0001
10%
八幡祇園 〒805-0067
10%
八幡西 〒806-0037
10%
八幡南 〒807-8799
10%
福岡薬院 〒810-0022
10%
福岡大名二 〒810-0041
10%
福岡六本松 〒810-0044
10%
上和白 〒811-0202
10%
志賀島 〒811-0323
10%
那珂川 〒811-1241
10%
福岡野多目 〒811-1347
10%
須恵 〒811-2114
10%
篠栗 〒811-2417
10%
粕屋山田 〒811-2502
10%
古賀駅前 〒811-3101
10%
古賀花鶴丘 〒811-3104
10%
古賀花見 〒811-3112
10%
古賀舞の里 〒811-3114
10%
青柳 〒811-3132
10%
イオンモール福津 〒811-3209
10%
宮司 〒811-3305
10%
宗像東郷 〒811-3436
10%
宗像赤間 〒811-4146
10%
博多比恵 〒812-0007
10%
博多駅東 〒812-0013
10%
福岡小林 〒812-0016
10%
博多住吉 〒812-0018
10%
博多港 〒812-0032
10%
博多祇園 〒812-0038
10%
福岡東吉塚 〒812-0041
10%
博多千代 〒812-0044
10%
福岡箱崎ふ頭 〒812-0051
10%
福岡原田 〒812-0063
10%
博多月隈 〒812-0858
10%
博多半道橋 〒812-0897
10%
福岡唐原 〒813-0001
10%
香椎オークタウン 〒813-0012
10%
福岡八田 〒813-0031
10%
福岡松崎 〒813-0035
10%
福岡舞松原 〒813-0042
10%
福岡城浜 〒813-0043
10%
香椎御幸 〒813-0044
10%
藤崎 〒814-0006
10%
福岡室見 〒814-0015
10%
福岡次郎丸 〒814-0165
10%
原田 〒818-0024
10%
水城 〒818-0101
10%
周船寺 〒819-0373
10%
長糸 〒819-1155
10%
小富士 〒819-1322
10%
芥屋 〒819-1334
10%
二丈 〒819-1601
10%
福吉 〒819-1641
10%
幸袋 〒820-0066
10%
片島 〒820-0069
10%
赤池 〒822-1199
10%
宮田 〒823-0011
10%
添田 〒824-0602
10%
宇島 〒828-0027
10%
築城 〒829-0199
10%
久留米花畑 〒830-0039
10%
久留米荒木 〒830-0063
10%
三潴 〒830-0199
10%
大木 〒830-0499
10%
北野 〒830-1122
10%
三橋 〒832-0815
10%
黒木 〒834-1299
10%
久留米東 〒839-8799
10%
吉富 〒871-0811
10%
門司小森江 〒800-0005
5%
門司葛葉 〒800-0008
5%
門司永黒 〒800-0016
5%
門司柳町 〒800-0025
5%
大里東口 〒800-0027
5%
門司原町 〒800-0037
5%
門司藤松 〒800-0046
5%
西門司 〒800-0054
5%
門司大里本町 〒800-0063
5%
小倉沼 〒800-0207
5%
苅田若久簡易 〒800-0302
5%
小波瀬 〒800-0323
5%
門司白野江 〒801-0802
5%
門司田野浦 〒801-0803
5%
柄杓田 〒801-0813
5%
門司黒川 〒801-0822
5%
小倉船場 〒802-0007
5%
小倉富士見 〒802-0063
5%
小倉片野 〒802-0064
5%
小倉中島 〒802-0076
5%
小倉若園 〒802-0816
5%
小倉井堀 〒803-0835
5%
小倉下到津 〒803-0846
5%
小倉熊谷 〒803-0864
5%
戸畑天神 〒804-0094
5%
八幡枝光 〒805-0002
5%
八幡茶屋 〒805-0014
5%
八幡前田 〒805-0067
5%
水巻梅ノ木 〒807-0006
5%
水巻頃末 〒807-0022
5%
水巻吉田 〒807-0046
5%
折尾本城 〒807-0815
5%
木屋瀬 〒807-1261
5%
若松駅前 〒808-0035
5%
二島 〒808-0199
5%
福岡市役所内 〒810-0001
5%
福岡春吉 〒810-0003
5%
福岡山荘 〒810-0014
5%
福岡大名一 〒810-0041
5%
福岡赤坂 〒810-0042
5%
福岡唐人 〒810-0063
5%
福岡福浜 〒810-0066
5%
新宮浜簡易 〒811-0115
5%
福岡奈多 〒811-0204
5%
福岡美和台 〒811-0212
5%
福岡工業大学前 〒811-0213
5%
福岡高美台 〒811-0215
5%
西戸崎 〒811-0321
5%
福岡井尻 〒811-1302
5%
福岡高木 〒811-1302
5%
宇美本町 〒811-2101
5%
志免本通 〒811-2202
5%
亀山 〒811-2205
5%
旅石 〒811-2221
5%
古賀米多比 〒811-3123
5%
福間内殿 〒811-3205
5%
福間光陽台 〒811-3224
5%
福間団地内 〒811-3225
5%
宗像ひかりヶ丘簡易 〒811-3402
5%
日の里団地内 〒811-3425
5%
宗像田熊 〒811-3431
5%
宗像大社前 〒811-3504
5%
鐘崎 〒811-3512
5%
勝浦簡易 〒811-3521
5%
宗像自由ヶ丘 〒811-4163
5%
赤間駅前 〒811-4185
5%
野間簡易 〒811-4233
5%
吉木 〒811-4242
5%
博多大井 〒812-0001
5%
博多駅前一 〒812-0011
5%
博多駅前四 〒812-0011
5%
福岡合同庁舎内 〒812-0013
5%
福岡南小路 〒812-0017
5%
福岡美野島 〒812-0017
5%
博多奈良屋 〒812-0023
5%
博多土居町 〒812-0025
5%
博多リバレイン内 〒812-0027
5%
博多呉服 〒812-0035
5%
博多祇園西 〒812-0038
5%
博多堅粕 〒812-0041
5%
博多馬出 〒812-0054
5%
福岡香住ケ丘 〒813-0003
5%
福岡香椎台 〒813-0014
5%
福岡青葉 〒813-0025
5%
福岡名島 〒813-0043
5%
福岡曙 〒814-0004
5%
福岡昭代 〒814-0012
5%
福岡荒江 〒814-0101
5%
福岡鳥飼 〒814-0103
5%
福岡七隈 〒814-0133
5%
福岡福大前 〒814-0133
5%
福岡飯倉 〒814-0161
5%
福岡野芥 〒814-0171
5%
福岡大橋 〒815-0036
5%
福岡野間 〒815-0041
5%
福岡高宮 〒815-0083
5%
大野城牛頸 〒816-0981
5%
筑紫野山口 〒818-0047
5%
二日市温泉 〒818-0071
5%
筑紫野本町 〒818-0072
5%
朝倉街道 〒818-0084
5%
太宰府天満宮前 〒818-0117
5%
東ヶ丘団地簡易 〒818-0121
5%
太宰府高雄 〒818-0122
5%
太宰府水城の里 〒818-0131
5%
太宰府大佐野 〒818-0134
5%
太宰府青葉台 〒818-0137
5%
福岡新栄 〒819-0006
5%
福岡拾六町 〒819-0041
5%
福岡今津 〒819-0165
5%
今宿 〒819-0199
5%
北崎 〒819-0201
5%
西浦簡易 〒819-0202
5%
玄界島 〒819-0205
5%
九大学研都市駅前 〒819-0367
5%
元岡 〒819-0389
5%
上三緒 〒820-0013
5%
飯塚菰田 〒820-0017
5%
飯塚横田 〒820-0044
5%
飯塚川津 〒820-0067
5%
忠隈 〒820-0071
5%
天道 〒820-0075
5%
鴨生 〒820-0206
5%
嘉穂 〒820-0302
5%
碓井 〒820-0502
5%
筑穂 〒820-0701
5%
新多 〒820-1104
5%
下山田 〒821-0011
5%
上山田 〒821-8799
5%
直方感田 〒822-0001
5%
直方頓野 〒822-0002
5%
直方新町 〒822-0015
5%
植木 〒822-0031
5%
吉川 〒822-0133
5%
稲光簡易 〒822-0144
5%
方城 〒822-1211
5%
金田 〒822-1299
5%
糸田 〒822-1399
5%
香春 〒822-1499
5%
行橋大橋 〒824-0003
5%
新田原 〒824-0026
5%
豊津 〒824-0199
5%
犀川 〒824-0299
5%
勝山 〒824-0899
5%
伊田 〒825-8799
5%
椎田 〒829-0399
5%
久留米東櫛原 〒830-0003
5%
久留米大学病院前 〒830-0011
5%
久留米ブリヂストン通 〒830-0022
5%
久留米中央通 〒830-0023
5%
久留米瀬下 〒830-0025
5%
久留米長門石 〒830-0027
5%
久留米本町 〒830-0044
5%
久留米津福本町 〒830-0047
5%
久留米南町 〒830-0051
5%
久留米上津 〒830-0052
5%
久留米野添 〒830-0053
5%
荒木駅前 〒830-0062
5%
大善寺 〒830-0073
5%
安武 〒830-0078
5%
江上 〒830-0213
5%
青木 〒830-0223
5%
城島 〒830-0299
5%
金島 〒830-1102
5%
大刀洗 〒830-1211
5%
柳川京町 〒832-0023
5%
両開 〒832-0059
5%
沖端 〒832-0067
5%
柳川昭代 〒832-0089
5%
筑後一条 〒833-0001
5%
古川 〒833-0012
5%
広川 〒834-0199
5%
矢部 〒834-1499
5%
原町 〒835-0115
5%
銀水 〒837-0917
5%
杷木 〒838-1599
5%
小石原 〒838-1601
5%
宝珠山 〒838-1701
5%
渡瀬 〒839-0215
5%
豊原 〒839-0242
5%
中島 〒839-0254
5%
江浦 〒839-0299
5%
宮ノ陣 〒839-0801
5%
追分 〒839-0814
5%
久留米木塚簡易 〒839-0822
5%
善導寺 〒839-0824
5%
久留米山本 〒839-0827
5%
久留米大橋簡易 〒839-0833
5%
久留米草野 〒839-0835
5%
御井町 〒839-0851
5%
久留米高良内 〒839-0852
5%
久留米青峰 〒839-0853
5%
久留米合川 〒839-0861
5%
久留米野田 〒839-0863
5%
地徳 〒839-1214
5%
竹野 〒839-1216
5%
片瀬 〒839-1225
5%
大平 〒871-0999
5%
門司畑簡易 〒800-0112
0%
恒見 〒800-0114
0%
小倉吉田団地 〒800-0201
0%
小倉沼南 〒800-0205
0%
小倉下曽根 〒800-0217
0%
小倉田原 〒800-0226
0%
朽網簡易 〒800-0232
0%
小倉葛原 〒800-0253
0%
苅田港簡易 〒800-0315
0%
白川 〒800-0332
0%
新津簡易 〒800-0344
0%
苅田富久簡易 〒800-0352
0%
苅田駅前 〒800-0361
0%
大積簡易 〒801-0811
0%
門司丸山 〒801-0831
0%
門司老松 〒801-0864
0%
東門司 〒801-0873
0%
門司清見三 〒801-0882
0%
門司清見 〒801-0882
0%
小倉堺町 〒802-0005
0%
小倉高坊 〒802-0011
0%
小倉砂津 〒802-0014
0%
小倉宇佐町 〒802-0016
0%
小倉延命寺 〒802-0022
0%
小倉上富野 〒802-0022
0%
小倉小文字 〒802-0037
0%
小倉熊本 〒802-0044
0%
小倉黒原 〒802-0056
0%
小倉白銀 〒802-0085
0%
小倉横代 〒802-0821
0%
小倉守恒本町 〒802-0971
0%
小倉守恒 〒802-0973
0%
小倉志井 〒802-0974
0%
小倉徳力 〒802-0974
0%
徳力新町 〒802-0979
0%
市丸簡易 〒803-0183
0%
石原町 〒803-0186
0%
小倉徳吉 〒803-0277
0%
西谷 〒803-0278
0%
小倉西港 〒803-0801
0%
小倉室町 〒803-0812
0%
小倉田町 〒803-0817
0%
小倉日明三 〒803-0831
0%
小倉日明二 〒803-0831
0%
小倉清水 〒803-0841
0%
小倉金鶏 〒803-0843
0%
小倉木町 〒803-0851
0%
小倉高田 〒803-0852
0%
小倉今町 〒803-0862
0%
戸畑中原 〒804-0011
0%
戸畑堺川 〒804-0012
0%
戸畑土取 〒804-0014
0%
戸畑鞘ヶ谷 〒804-0024
0%
戸畑大谷 〒804-0032
0%
戸畑牧山 〒804-0053
0%
戸畑中本町 〒804-0061
0%
戸畑沖台 〒804-0064
0%
戸畑天籟寺 〒804-0064
0%
戸畑明治 〒804-0073
0%
戸畑千防 〒804-0081
0%
八幡枝光本町 〒805-0008
0%
八幡昭和町 〒805-0012
0%
八幡高見 〒805-0016
0%
八幡山王 〒805-0017
0%
八幡中央三 〒805-0019
0%
八幡竹下町 〒805-0021
0%
八幡高槻 〒805-0023
0%
八幡大蔵 〒805-0048
0%
八幡春の町 〒805-0050
0%
八幡尾倉 〒805-0059
0%
八幡桃園 〒805-0068
0%
八幡紅梅一 〒806-0011
0%
八幡紅梅四 〒806-0011
0%
八幡熊西 〒806-0021
0%
八幡熊手 〒806-0028
0%
八幡相生 〒806-0044
0%
八幡穴生 〒806-0047
0%
八幡鳴水 〒806-0051
0%
八幡幸神 〒806-0055
0%
八幡萩原 〒806-0059
0%
八幡上津役 〒806-0063
0%
八幡大原 〒807-0074
0%
塔野簡易 〒807-0075
0%
八幡沖田 〒807-0075
0%
芦屋山鹿 〒807-0141
0%
折尾中央団地 〒807-0801
0%
折尾西本城 〒807-0805
0%
折尾丸尾町 〒807-0826
0%
八幡則松 〒807-0831
0%
八幡三ヶ森 〒807-0843
0%
八幡永犬丸 〒807-0847
0%
折尾日吉台 〒807-0866
0%
折尾浅川 〒807-0875
0%
香月 〒807-1102
0%
八幡小嶺 〒807-1112
0%
馬場山 〒807-1131
0%
八幡茶屋の原団地 〒807-1134
0%
楠橋黒川簡易 〒807-1152
0%
古月 〒807-1303
0%
新延 〒807-1305
0%
新北 〒807-1313
0%
若松小石 〒808-0005
0%
若松桜町 〒808-0026
0%
若松西園 〒808-0031
0%
若松本町 〒808-0034
0%
若松くきのうみ 〒808-0066
0%
若松今光 〒808-0071
0%
若松東二島 〒808-0102
0%
蜑住簡易 〒808-0122
0%
若松脇田 〒808-0124
0%
若松ひびきの 〒808-0131
0%
若松青葉 〒808-0142
0%
若松高須 〒808-0145
0%
底井野 〒809-0003
0%
中間徳若 〒809-0019
0%
中間通谷 〒809-0022
0%
中間土手の内 〒809-0033
0%
中間中鶴 〒809-0037
0%
福岡清川 〒810-0011
0%
福岡平尾 〒810-0014
0%
福岡桜坂 〒810-0024
0%
福岡小笹 〒810-0033
0%
福岡笹丘 〒810-0034
0%
福岡大濠 〒810-0051
0%
福岡今川 〒810-0054
0%
福岡鮮魚会館内 〒810-0072
0%
福岡港 〒810-0075
0%
相島簡易 〒811-0118
0%
脇山 〒811-1111
0%
早良内野 〒811-1123
0%
早良南 〒811-1199
0%
那珂川片縄 〒811-1201
0%
那珂川王塚台 〒811-1221
0%
南畑 〒811-1231
0%
那珂川松木 〒811-1251
0%
福岡横手 〒811-1311
0%
福岡弥永 〒811-1321
0%
福岡和田簡易 〒811-1343
0%
福岡三宅 〒811-1344
0%
福岡老司 〒811-1346
0%
福岡鶴田 〒811-1352
0%
福岡柏原 〒811-1353
0%
福岡桧原 〒811-1354
0%
福岡桜町 〒811-1361
0%
福岡長住 〒811-1362
0%
福岡中尾 〒811-1364
0%
福岡皿山 〒811-1365
0%
川子団地内簡易 〒811-2114
0%
宇美早見 〒811-2128
0%
志免桜丘 〒811-2201
0%
志免南里 〒811-2207
0%
粕屋仲原 〒811-2304
0%
松浦台簡易 〒811-2414
0%
南郷 〒811-3424
0%
池野 〒811-3515
0%
吉武簡易 〒811-4153
0%
高陽団地簡易 〒811-4225
0%
遠賀松ノ本簡易 〒811-4305
0%
浅木簡易 〒811-4312
0%
福岡上牟田 〒812-0006
0%
箱崎松原 〒812-0053
0%
福岡筥松 〒812-0053
0%
福岡雑餉隈 〒812-0882
0%
福岡麦野 〒812-0882
0%
博多那珂 〒812-0893
0%
多々良簡易 〒813-0031
0%
福岡流通センター内 〒813-0034
0%
シーサイドももち 〒814-0001
0%
福岡百道浜 〒814-0001
0%
福岡城西 〒814-0003
0%
福岡原五 〒814-0022
0%
福岡原団地 〒814-0023
0%
福岡南庄 〒814-0031
0%
福岡有田 〒814-0033
0%
福岡室住団地 〒814-0033
0%
福岡別府四 〒814-0104
0%
福岡別府団地 〒814-0106
0%
福岡友丘 〒814-0112
0%
福岡田島三 〒814-0113
0%
福岡金山団地 〒814-0114
0%
福岡神松寺 〒814-0121
0%
福岡南片江 〒814-0143
0%
福岡堤 〒814-0151
0%
福岡星の原団地 〒814-0162
0%
福岡免簡易 〒814-0164
0%
福岡田町 〒814-0175
0%
福岡四箇田団地 〒814-0176
0%
福岡清水 〒815-0031
0%
福岡塩原 〒815-0032
0%
福岡若久 〒815-0042
0%
福岡大池 〒815-0073
0%
福岡長丘 〒815-0075
0%
福岡日赤前 〒815-0082
0%
春日原 〒816-0802
0%
春日宝町 〒816-0807
0%
春日野 〒816-0814
0%
春日ちくし台 〒816-0822
0%
春日上白水 〒816-0844
0%
春日白水 〒816-0847
0%
春日昇町 〒816-0851
0%
春日須玖 〒816-0864
0%
春日岡本 〒816-0873
0%
中簡易 〒816-0906
0%
東大野 〒816-0911
0%
大野山田 〒816-0922
0%
筑前大野 〒816-0932
0%
大野城下大利 〒816-0952
0%
大野城南ケ丘 〒816-0964
0%
山家 〒818-0003
0%
御笠 〒818-0004
0%
筑紫野筑紫ヶ丘 〒818-0025
0%
筑紫野光が丘 〒818-0036
0%
むさしヶ丘団地簡易 〒818-0043
0%
筑紫野桜台 〒818-0063
0%
針摺東 〒818-0081
0%
都府楼団地 〒818-0105
0%
福岡小戸 〒819-0001
0%
福岡能古 〒819-0012
0%
福岡マリナタウン 〒819-0013
0%
福岡愛宕 〒819-0015
0%
福岡福重 〒819-0022
0%
福岡壱岐 〒819-0042
0%
福岡生松台 〒819-0044
0%
福岡下山門団地 〒819-0051
0%
小松原簡易 〒819-0055
0%
怡土 〒819-1582
0%
飯塚愛宕簡易 〒820-0001
0%
飯塚鯰田 〒820-0001
0%
新飯塚駅前 〒820-0005
0%
飯塚明星寺簡易 〒820-0022
0%
飯塚徳前 〒820-0032
0%
庄司簡易 〒820-0051
0%
飯塚二瀬 〒820-0053
0%
飯塚伊川 〒820-0054
0%
目尾簡易 〒820-0062
0%
平恒 〒820-0073
0%
椋本簡易 〒820-0077
0%
穂波小正 〒820-0089
0%
庄内 〒820-0101
0%
漆生 〒820-0201
0%
山野 〒820-0202
0%
稲築 〒820-0205
0%
牛隈 〒820-0301
0%
宮野 〒820-0312
0%
千手 〒820-0332
0%
寿命簡易 〒820-0603
0%
桂川土師 〒820-0607
0%
吉隈 〒820-0607
0%
内野 〒820-0706
0%
筑前大分 〒820-0712
0%
頴田 〒820-1114
0%
山田大橋 〒821-0012
0%
直方西尾 〒822-0002
0%
直方永満寺簡易 〒822-0005
0%
直方湯野原 〒822-0008
0%
中泉 〒822-0011
0%
下境 〒822-0013
0%
直方新知町 〒822-0021
0%
直方須崎 〒822-0025
0%
鞍手山口簡易 〒822-0153
0%
赤池上野簡易 〒822-1102
0%
採銅所 〒822-1401
0%
勾金 〒822-1405
0%
磯光 〒823-0004
0%
宮田桐野 〒823-0011
0%
長井鶴 〒823-0012
0%
笠松 〒823-0014
0%
行橋行事簡易 〒824-0001
0%
蓑島 〒824-0011
0%
今井 〒824-0018
0%
行橋西宮市 〒824-0031
0%
福富 〒824-0038
0%
行橋今川 〒824-0043
0%
行橋草野簡易 〒824-0061
0%
椿市 〒824-0075
0%
祓郷 〒824-0102
0%
節丸簡易 〒824-0114
0%
城井 〒824-0243
0%
伊良原 〒824-0251
0%
津野 〒824-0411
0%
油須原 〒824-0431
0%
今任簡易 〒824-0511
0%
大任 〒824-0512
0%
〒824-0601
0%
英彦山神宮前簡易 〒824-0721
0%
彦山 〒824-0722
0%
桝田簡易 〒824-0723
0%
諫山 〒824-0817
0%
黒田 〒824-0822
0%
平原簡易 〒825-0001
0%
田川松原 〒825-0002
0%
田川三井 〒825-0002
0%
田川東町 〒825-0004
0%
夏吉簡易 〒825-0004
0%
田川糒 〒825-0005
0%
田川平松 〒826-0032
0%
田川船尾 〒826-0041
0%
大藪 〒826-0042
0%
川宮簡易 〒826-0042
0%
猪位金 〒826-0044
0%
猪膝簡易 〒826-0045
0%
安真木 〒827-0001
0%
池尻 〒827-0002
0%
川崎大峰 〒827-0003
0%
川崎本町簡易 〒827-0003
0%
豊前川崎 〒827-8799
0%
角田 〒828-0003
0%
豊前山田 〒828-0011
0%
豊前八屋 〒828-0021
0%
豊前三毛門 〒828-0031
0%
豊前黒土 〒828-0048
0%
千束 〒828-0053
0%
横武簡易 〒828-0056
0%
合河 〒828-0074
0%
岩屋簡易 〒828-0083
0%
下城井 〒829-0111
0%
伝法寺 〒829-0122
0%
臼田簡易 〒829-0302
0%
椎田八田 〒829-0342
0%
久留米荘島 〒830-0023
0%
久留米東町 〒830-0032
0%
久留米諏訪野町 〒830-0037
0%
久留米試験場駅前 〒830-0047
0%
大溝 〒830-0403
0%
上牟田口簡易 〒830-0413
0%
大莞 〒830-0423
0%
大堰 〒830-1202
0%
上高橋 〒830-1222
0%
菊池簡易 〒830-1226
0%
榎津 〒831-0004
0%
大川若津 〒831-0005
0%
道海島簡易 〒831-0007
0%
大川鐘ケ江 〒831-0008
0%
本木簡易 〒831-0015
0%
木室 〒831-0022
0%
田口 〒831-0026
0%
川口 〒831-0034
0%
大野島 〒831-0045
0%
西蒲池簡易 〒832-0006
0%
蒲池 〒832-0007
0%
橋本簡易 〒832-0806
0%
下百町簡易 〒832-0827
0%
船小屋 〒833-0007
0%
馬間田簡易 〒833-0023
0%
水田 〒833-0027
0%
西牟田 〒833-0053
0%
蔵数簡易 〒833-0054
0%
筑後久富 〒833-0056
0%
八女吉田 〒834-0006
0%
山内 〒834-0012
0%
忠見 〒834-0014
0%
八女祈祷院 〒834-0025
0%
京町簡易 〒834-0031
0%
八女土橋 〒834-0031
0%
八女平 〒834-0045
0%
岡山 〒834-0066
0%
光友 〒834-0082
0%
辺春 〒834-0083
0%
白木 〒834-0084
0%
筑後北山 〒834-0085
0%
上広川 〒834-0104
0%
広川新代簡易 〒834-0115
0%
長尾 〒834-0201
0%
仁田原 〒834-0201
0%
星野 〒834-0299
0%
横山 〒834-1101
0%
上陽 〒834-1102
0%
大淵 〒834-1202
0%
堀迫 〒834-1202
0%
本分 〒834-1213
0%
笠原 〒834-1222
0%
東山簡易 〒835-0007
0%
南瀬高 〒835-0013
0%
東町簡易 〒835-0023
0%
瀬高上庄 〒835-0025
0%
野町 〒835-0102
0%
手鎌 〒836-0003
0%
大牟田明治町 〒836-0012
0%
大牟田小浜 〒836-0034
0%
大牟田大正 〒836-0047
0%
大牟田白金 〒836-0051
0%
大牟田三川町 〒836-0055
0%
大牟田藤田町 〒836-0074
0%
大牟田三里 〒836-0076
0%
大牟田通町 〒836-0805
0%
大牟田旭町 〒836-0806
0%
大牟田竜湖瀬 〒836-0814
0%
大牟田浄真 〒836-0844
0%
大牟田上官町 〒836-0853
0%
大牟田一浦 〒836-0863
0%
大牟田駛馬 〒836-0867
0%
大牟田臼井 〒836-0882
0%
勝立 〒836-0886
0%
上内簡易 〒837-0902
0%
市場山下簡易 〒837-0903
0%
倉永 〒837-0906
0%
大牟田吉野 〒837-0912
0%
大牟田久福木簡易 〒837-0915
0%
高取簡易 〒837-0924
0%
三池 〒837-0924
0%
秋月 〒838-0001
0%
安川 〒838-0016
0%
三奈木 〒838-0023
0%
蜷城 〒838-0037
0%
福田 〒838-0051
0%
馬田 〒838-0058
0%
立石 〒838-0065
0%
甘木駅前 〒838-0068
0%
甘木神田町簡易 〒838-0068
0%
甘木東町 〒838-0068
0%
小郡津古簡易 〒838-0102
0%
小郡三国が丘 〒838-0103
0%
三国 〒838-0105
0%
小郡大保 〒838-0115
0%
松崎 〒838-0122
0%
御原 〒838-0128
0%
味坂 〒838-0133
0%
小郡駅前 〒838-0141
0%
三並 〒838-0205
0%
四三島簡易 〒838-0212
0%
中牟田 〒838-0226
0%
夜須 〒838-0299
0%
栗田 〒838-0801
0%
三輪 〒838-0816
0%
菱野 〒838-1305
0%
大福 〒838-1316
0%
松末簡易 〒838-1504
0%
原鶴温泉 〒838-1514
0%
志波 〒838-1521
0%
岩津 〒839-0223
0%
大和栄簡易 〒839-0252
0%
皿垣簡易 〒839-0261
0%
久留米大杜簡易 〒839-0803
0%
久留米東合川 〒839-0809
0%
久留米中央公園前 〒839-0861
0%
久留米国分 〒839-0863
0%
田主丸船越 〒839-1202
0%
水縄 〒839-1212
0%
千年簡易 〒839-1304
0%
新馬場簡易 〒839-1321
0%
大石 〒839-1406
0%
荒瀬簡易 〒839-1408
0%
小塩 〒839-1412
0%
姫治簡易 〒839-1413
0%
妹川簡易 〒839-1415
0%
西吉富簡易 〒871-0907
0%
南吉富 〒871-0913
0%
唐原簡易 〒871-0924
0%
小倉AIMビル内 〒802-0001
0%
No matching quizzes found
Score Distribution
Percent of People with Each Score
Percentile by Number Answered
Your Score History
You have not taken this quiz